<?xml version="1.0" encoding="UTF-8"?><?xml-stylesheet type="text/xsl" href="static/style.xsl"?><OAI-PMH xmlns="http://www.openarchives.org/OAI/2.0/" xmlns:xsi="http://www.w3.org/2001/XMLSchema-instance" xsi:schemaLocation="http://www.openarchives.org/OAI/2.0/ http://www.openarchives.org/OAI/2.0/OAI-PMH.xsd"><responseDate>2026-05-17T01:16:00Z</responseDate><request verb="GetRecord" identifier="oai:repisalud.isciii.es:20.500.12105/25116" metadataPrefix="marc">https://repisalud.isciii.es/rest/oai/request</request><GetRecord><record><header><identifier>oai:repisalud.isciii.es:20.500.12105/25116</identifier><datestamp>2025-12-18T12:54:44Z</datestamp><setSpec>com_20.500.12105_25100</setSpec><setSpec>com_20.500.12105_6723</setSpec><setSpec>com_20.500.12105_2337</setSpec><setSpec>com_20.500.12105_2336</setSpec><setSpec>col_20.500.12105_25101</setSpec></header><metadata><record xmlns="http://www.loc.gov/MARC21/slim" xmlns:dcterms="http://purl.org/dc/terms/" xmlns:doc="http://www.lyncode.com/xoai" xmlns:xsi="http://www.w3.org/2001/XMLSchema-instance" xsi:schemaLocation="http://www.loc.gov/MARC21/slim http://www.loc.gov/standards/marcxml/schema/MARC21slim.xsd">
   <leader>00925njm 22002777a 4500</leader>
   <datafield ind2=" " ind1=" " tag="042">
      <subfield code="a">dc</subfield>
   </datafield>
   <datafield ind2=" " ind1=" " tag="720">
      <subfield code="a">González-Larragan Herrera, Susana</subfield>
      <subfield code="e">author</subfield>
   </datafield>
   <datafield ind2=" " ind1=" " tag="720">
      <subfield code="a">Maza Otero, Marta</subfield>
      <subfield code="e">author</subfield>
   </datafield>
   <datafield ind2=" " ind1=" " tag="720">
      <subfield code="a">Ansuategi Zengotitabengoa, Eukene</subfield>
      <subfield code="e">author</subfield>
   </datafield>
   <datafield ind2=" " ind1=" " tag="720">
      <subfield code="a">Ruiz de Arcaute Naudí, Estitxu</subfield>
      <subfield code="e">author</subfield>
   </datafield>
   <datafield ind2=" " ind1=" " tag="720">
      <subfield code="a">Aguirre Orbegozo, Oskia Miren</subfield>
      <subfield code="e">author</subfield>
   </datafield>
   <datafield ind2=" " ind1=" " tag="720">
      <subfield code="a">Lejona Martínez de Lecea, Begoña</subfield>
      <subfield code="e">author</subfield>
   </datafield>
   <datafield ind2=" " ind1=" " tag="720">
      <subfield code="a">Úbeda Carrillo, Marimar</subfield>
      <subfield code="e">author</subfield>
   </datafield>
   <datafield ind2=" " ind1=" " tag="260">
      <subfield code="c">2023-10</subfield>
   </datafield>
   <datafield ind2=" " ind1=" " tag="520">
      <subfield code="a">[ES] Introducción: En 2019 fue publicada en el Boletín Oficial del País Vasco “RESOLUCIÓN de 5 de marzo de 2019, del Viceconsejero de Salud, por la que se dictan instrucciones para uniformizar la mención de autoría y la afiliación institucional en el sistema sanitario vasco”. El objetivo de esta resolución era uniformizar la afiliación institucional de las y los profesionales de Osakidetza. Se distinguen tres niveles de entidades (Osakidetza como primer nivel, organizaciones dependientes de Osakidetza como segundo nivel y servicios propios de las organizaciones como tercer nivel) que tenían como finalidad que la producción científica de Osakidetza tuviera la mayor visibilidad posible. Objetivos: Comprobar el grado de aplicación y el impacto real de la resolución en la visibilidad de Osakidetza como primer nivel y segundo nivel. Material y método: Se realizará una búsqueda en Pubmed, en la que se tengan en cuenta los tres niveles de entidades, priorizando el primer nivel (Osakidetza) y el segundo nivel (Organizaciones dependientes de Osakidetza). Se hará una comparativa entre los años 2017-2019 con los años 2020-2022, de la firma institucional, basándonos en los criterios de la resolución. Resultados: En elaboración. Hasta el momento se han extraído los porcentajes de 2017-2019, con un porcentaje inicial de firma de primer nivel de entre un 3 y un 8%. Discusión-Conclusiones: Pendiente de evaluar los años posteriores a la resolución, para poder valorar la efectividad de la misma. [EN] Introduction: In 2019, the “RESOLUCIÓN de 5 de marzo de 2019, del Viceconsejero de Salud, por la que se dictan instrucciones para uniformizar la mención de autoría y la afiliación institucional en el sistema sanitario vasco”. The objective of this resolution was to standardize the institutional affiliation of the Osakidetza professionals. Three levels of entities are distinguished (Osakidetza as the first level, organizations dependent on Osakidetza as the second level and services of the organizations as the third level) whose purpose is that Osakidetza’s scientific production has the greatest possible visibility. Objectives: Check the degree of application and the real impact of the resolution on the visibility of Osakidetza as a first and second level. Material and method: A search will ve carried out in Pubmed, in which the three levels of entities are taken into account, prioritizing the first level (Osakidetza) and the second level (Organizations dependent on Osakidetza). A comparison will be made between the years 2017-2019 with the years 2020-2022, of the institutional firm, based on the criteria of the resolution. Results: In preparation. So far, the percentages for 2017-2019 have been extracted, with an initial percentage of first-level signing between 3 and 8%. Discussion-Conclusions: Pending evaluation of the years after the resolution, in order to assess its effectiveness.</subfield>
   </datafield>
   <datafield ind1="8" ind2=" " tag="024">
      <subfield code="a">XVII Jornadas de Información y Documentación en Ciencias de la Salud - Bibliosalud 2023. Valladolid 19 y 20 de octubre de 2023.</subfield>
   </datafield>
   <datafield ind1="8" ind2=" " tag="024">
      <subfield code="a">https://hdl.handle.net/20.500.12105/25116</subfield>
   </datafield>
   <datafield tag="653" ind2=" " ind1=" ">
      <subfield code="a">Afiliación institucional</subfield>
   </datafield>
   <datafield tag="653" ind2=" " ind1=" ">
      <subfield code="a">Osakidetza</subfield>
   </datafield>
   <datafield tag="653" ind2=" " ind1=" ">
      <subfield code="a">Normalización institucional</subfield>
   </datafield>
   <datafield tag="653" ind2=" " ind1=" ">
      <subfield code="a">Institutional affiliation</subfield>
   </datafield>
   <datafield tag="653" ind2=" " ind1=" ">
      <subfield code="a">Osakidetza</subfield>
   </datafield>
   <datafield tag="653" ind2=" " ind1=" ">
      <subfield code="a">Institutional normalization</subfield>
   </datafield>
   <datafield ind2="0" ind1="0" tag="245">
      <subfield code="a">Resoluciones: ¿Realmente sirven?</subfield>
   </datafield>
</record></metadata></record></GetRecord></OAI-PMH>